00599nam a2200145Ia 4500008004100000024005200041082002100093100008400114245004200198260002500240600002700265650003300292952011100325999001700436250506s9999 xx 000 0 und d a98A-12-EE, 98A-31-EE, 98A-30-EE & 98A-11-EE a621.38928072 MUH aMuhammed Irfan Nadeem, Mohammed Athar Shaikh, Zeeshan Zafar & Syed Farhan Anjum 0aMicrocontroller Based Security System aKarachi:bUIT,c1998 aElectronic Engineering aBachelor of Engineering (BE) 001040708PR-EEaUITUbUITUd2022-07-26l0o621.38928072 MUHpEE-16r2025-05-06 11:34:12w2025-05-06yPR c27910d27910